One Piece Quiz - Statistics

Statistiche generali
  • Questo quiz è stato fatto 395 volte
  • Il punteggio medio è 10 su 15
Statistiche sulle risposte
Hint Risposta % Corretto
Quanti tipi di Ambizioni possono essere imparate da chiunque? 2
95%
Vero o falso: i giganti non possono arruolarsi in marina? Falso
95%
Quale braccio ha perso Shanks per salvare la vita a Luffy? Sinistro
94%
Di quale membro dei Mugiwara non c'è un flashback da bambino? Brook
85%
Tra quante rotte è possibile scegliere, all'ingresso nella Rotta Maggiore? 7
84%
Oltre a Zoro, qual è l'unico pirata appartenente alla peggiore generazione a non essere un capitanodi una ciurma pirata? Killer
82%
Per quanti mesi Portuguese D. Rouge ha tenuto Ace in grembo? 20
80%
Che forma ha il pendente che ha al collo Mihawk? Croce
80%
Chi è l'uomo più ricercato del mondo? Monkey D. Dragon
75%
Qual è il grado più alto raggiungibile in Marina? Grand'ammiraglio
74%
Qual è il primo membro dei CP9 a venir sconfitto a Enies Lobby? Blueno
60%
Da quanti uomini sarebbe composta la fantomatica ciurma del prode capitano Usopp? 8000
42%
Quale frutto del diavolo ha sempre sognato di mangiarsi Sanji? Suke Suke
32%
Come si chiamava la ciurma di Ace prima che venisse inglobata nei pirati di Barbabianca? Pirati di picche
31%
Quali sono i nomi delle due donne che fanno parte delle Franky Family? Mozu e Kiwi
27%
Nessun quiz corrispondente trovato
Distribuzione punteggi
Percentuale di utenti per punteggio
Percentile per numero di risposta
I tuoi punteggi nel tempo
Non hai fatto questo quiz